| 000 | 00501nam a22001817a 4500 | ||
|---|---|---|---|
| 999 |
_c3320 _d3320 |
||
| 003 | OSt | ||
| 005 | 20181108155641.0 | ||
| 008 | 181108b ||||| |||| 00| 0 eng d | ||
| 020 | _a9780310292050 | ||
| 040 |
_aDLC _bDLC _cDLC _dDLC |
||
| 082 |
_a220 _bK792z |
||
| 245 | _aZondervan NIV Bible verse finder : concordance | ||
| 260 |
_aMichigan _bZondervan _cc2008 |
||
| 300 |
_a593p.; _c21cm; |
||
| 650 | _2Bible Concordance | ||
| 700 | _aZondervan NIV Bible verse finder : concordance | ||
| 942 |
_2ddc _cREF |
||